Ziggy's friends for life : (Record no. 24709)

000 -LEADER
fixed length control field 01292cam a22002894a 4500
001 - CONTROL NUMBER
control field 12180858
005 - DATE AND TIME OF LATEST TRANSACTION
control field 20170130092839.0
008 - FIXED-LENGTH DATA ELEMENTS--GENERAL INFORMATION
fixed length control field 000921s2001 moua 000 0 eng
010 ## - LIBRARY OF CONGRESS CONTROL NUMBER
LC control number 00108967
020 ## - INTERNATIONAL STANDARD BOOK NUMBER
International Standard Book Number 0740716050
042 ## - AUTHENTICATION CODE
Authentication code pcc
050 00 - LIBRARY OF CONGRESS CALL NUMBER
Classification number NC1429.W5793A4 2001
100 1# - MAIN ENTRY--PERSONAL NAME
Personal name Wilson, Tom,
Dates associated with a name 1957-
240 10 - UNIFORM TITLE
Uniform title <a href="Ziggy.">Ziggy.</a>
Form subheading Selections
245 10 - TITLE STATEMENT
Title Ziggy's friends for life :
Remainder of title a 30th anniversary tribute to Zig from all his friends /
Statement of responsibility, etc. by Tom Wilson.
260 ## - PUBLICATION, DISTRIBUTION, ETC. (IMPRINT)
Place of publication, distribution, etc. Kansas City, Mo. :
Name of publisher, distributor, etc. Andrews McMeel Pub.,
Date of publication, distribution, etc. c2001.
300 ## - PHYSICAL DESCRIPTION
Extent 127 p. :
Other physical details ill. ;
Dimensions 23 cm.
650 #0 - SUBJECT ADDED ENTRY--TOPICAL TERM
Topical term or geographic name as entry element Ziggy (Fictitious character)
650 #0 - SUBJECT ADDED ENTRY--TOPICAL TERM
Topical term or geographic name as entry element American wit and humor, Pictorial.
856 42 - ELECTRONIC LOCATION AND ACCESS
Materials specified Contributor biographical information
Uniform Resource Identifier <a href="http://www.loc.gov/catdir/bios/simon053/00108967.html">http://www.loc.gov/catdir/bios/simon053/00108967.html</a>
856 42 - ELECTRONIC LOCATION AND ACCESS
Materials specified Publisher description
Uniform Resource Identifier <a href="http://www.loc.gov/catdir/description/simon051/00108967.html">http://www.loc.gov/catdir/description/simon051/00108967.html</a>
942 ## - ADDED ENTRY ELEMENTS (KOHA)
Source of classification or shelving scheme
Koha item type Hard Covered Materials
Holdings
Withdrawn status Lost status Source of classification or shelving scheme Damaged status Not for loan Home library Current library Shelving location Date acquired Source of acquisition Total Checkouts Full call number Barcode Date last seen Price effective from Koha item type
          MACHAKOS UNIVERSITY LIBRARY MACHAKOS UNIVERSITY LIBRARY Open shelf 30/01/2017 Donation(BFA)   NC1429.W5793A4 2001 31969 30/01/2017 30/01/2017 Hard Covered Materials
© Machakos University Library, Along The Highway, Machakos Wote Rd, Machakos, Kenya P.O. Box 136 - 90100 Machakos - Kenya

Tel: ( +254 ) 723 805829 OR Fax : 044-20353 OR Email: library@mksu.ac.ke